[Event "Chess.com Bullet op2"]
[Site "Chess.com INT"]
[Date "2020.12.19"]
[Round "8"]
[White "Jacobson, Brandon"]
[Black "Young, Gregory G"]
[Result "1-0"]
[WhiteElo "2487"]
[BlackElo "2386"]
[PlyCount "123"]
[EventDate "2020.12.19"]
[EventType "swiss (blitz)"]
[EventRounds "21"]
[EventCountry "USA"]
[SourceTitle "EXT 2022"]
[Source "ChessBase"]
[SourceDate "2021.10.06"]
[SourceVersion "1"]
[SourceVersionDate "2021.10.06"]
[SourceQuality "1"]

1. e4 d5 2. exd5 Qxd5 3. Nc3 Qa5 4. d4 c6 5. Nf3 Nf6 6. Bc4 Bg4 7. Bd2 Nbd7 8. d5 Bxf3 9. Qxf3 Ne5 10. Qe2 Nxc4 11. Qxc4 Nxd5 12. 0-0-0 e6 13. Kb1 Be7 14. Ne4 Qc7 15. Ng3 0-0-0 16. Qe2 Bf6 17. Bc1 Qb6 18. Ka1 Nc3 19. Rxd8+ Rxd8 20. Qc4 Nd5 21. c3 Qxf2 22. Ne4 Qxg2 23. Rd1 Be5 24. h4 Rd7 25. Nc5 Ne3 26. Qb3 Qc2 27. Nxd7 Qxb3 28. axb3 Nxd1 29. Nxe5 f6 30. Nc4 Nf2 31. Kb1 Ne4 32. h5 b5 33. Ne3 Kd7 34. h6 g5 35. Ng4 f5 36. Ne5+ Kd6 37. Nf7+ Ke7 38. Nxg5 Nf6 39. Bf4 Nd5 40. Be5 f4 41. Nxh7 f3 42. Bg3 Ne3 43. Ng5 Kf6 44. h7 f2 45. h8Q+ Kxg5 46. Bxf2 Ng4 47. Qg8+ Kf5 48. Qxg4+ Kxg4 49. Bxa7 Kf5 50. Bb8 e5 51. Kc2 e4 52. Kd2 Ke6 53. Ke3 Kd5 54. Bf4 c5 55. b4 cxb4 56. cxb4 Kc4 57. Kxe4 Kxb4 58. Be5 Kb3 59. Kd5 b4 60. Kc5 Ka4 61. Kc4 b3 62. Kc3 1-0

[Event "Chess.com Bullet op2"]
[Site "Chess.com INT"]
[Date "2020.12.19"]
[Round "14"]
[White "Le Goff, Ronan"]
[Black "Young, Gregory G"]
[Result "0-1"]
[WhiteElo "2288"]
[BlackElo "2386"]
[PlyCount "98"]
[EventDate "2020.12.19"]
[EventType "swiss (blitz)"]
[EventRounds "21"]
[EventCountry "USA"]
[SourceTitle "EXT 2022"]
[Source "ChessBase"]
[SourceDate "2021.10.06"]
[SourceVersion "1"]
[SourceVersionDate "2021.10.06"]
[SourceQuality "1"]

1. d4 Nf6 2. Nf3 e6 3. e3 d5 4. Bd3 c5 5. 0-0 cxd4 6. exd4 Nc6 7. c3 Bd6 8. Bg5 0-0 9. Nbd2 h6 10. Bh4 Be7 11. Bg3 a6 12. Re1 Nh5 13. Qe2 Nxg3 14. hxg3 Bf6 15. Bc2 b5 16. Nf1 b4 17. Ne3 bxc3 18. bxc3 g6 19. Ng4 Bg7 20. Nfe5 Nxe5 21. Nxe5 Bd7 22. Qg4 Be8 23. Rac1 Rc8 24. Bxg6 fxg6 25. Qxe6+ Kh7 26. Qh3 Bxe5 27. Rxe5 Rc7 28. Rce1 Rcf7 29. f4 Bc6 30. Re6 Rf6 31. Rxf6 Rxf6 32. Qh4 Kg7 33. Qg4 Bd7 34. Qe2 Bb5 35. Qe5 Qd7 36. Qb8 Re6 37. Rb1 Re2 38. a4 Bc6 39. Rb6 Re1+ 40. Kf2 Qe7 41. Qe5+ Rxe5 42. dxe5 Qc5+ 43. Kf1 Qxb6 44. Ke2 Qb3 45. Kf3 Qxc3+ 46. Kg4 Bd7+ 47. Kh4 g5+ 48. Kh5 Qxg3 49. e6 Qh4# 0-1

[Event "Chess.com Bullet op2"]
[Site "Chess.com INT"]
[Date "2020.12.19"]
[Round "6"]
[White "Martinez Alcantara, Jose Eduardo"]
[Black "Young, Gregory G"]
[Result "1-0"]
[WhiteElo "2620"]
[BlackElo "2386"]
[PlyCount "61"]
[EventDate "2020.12.19"]
[EventType "swiss (blitz)"]
[EventRounds "21"]
[EventCountry "USA"]
[SourceTitle "EXT 2022"]
[Source "ChessBase"]
[SourceDate "2021.10.06"]
[SourceVersion "1"]
[SourceVersionDate "2021.10.06"]
[SourceQuality "1"]

1. e4 e6 2. d4 d5 3. Nc3 dxe4 4. Nxe4 Bd7 5. Nf3 Bc6 6. Bd3 Nd7 7. Ned2 Ngf6 8. 0-0 Be7 9. b3 0-0 10. Bb2 a5 11. c4 a4 12. Re1 axb3 13. axb3 Rxa1 14. Bxa1 Qa8 15. Bb2 Qd8 16. Qc2 b6 17. h3 Bb7 18. Ne5 Bb4 19. Rd1 Qe7 20. Ndf3 Ra8 21. Bc1 h6 22. Bf4 Bd6 23. Bc1 c5 24. Bb2 cxd4 25. Bxd4 Bc5 26. Bc3 Bb4 27. Bb2 Nc5 28. Nd4 Ra2 29. Ndc6 Bxc6 30. Nxc6 Rxb2 31. Nxe7+ 1-0

[Event "Chess.com Bullet op2"]
[Site "Chess.com INT"]
[Date "2020.12.19"]
[Round "18"]
[White "Young, Gregory G"]
[Black "Avila Pavas, Santiago"]
[Result "0-1"]
[WhiteElo "2386"]
[BlackElo "2399"]
[PlyCount "112"]
[EventDate "2020.12.19"]
[EventType "swiss (blitz)"]
[EventRounds "21"]
[EventCountry "USA"]
[SourceTitle "EXT 2022"]
[Source "ChessBase"]
[SourceDate "2021.10.06"]
[SourceVersion "1"]
[SourceVersionDate "2021.10.06"]
[SourceQuality "1"]

1. Nf3 Nf6 2. g3 g6 3. Bg2 Bg7 4. 0-0 0-0 5. c4 d6 6. Nc3 Nc6 7. d3 e5 8. Bg5 h6 9. Bxf6 Bxf6 10. Qd2 Bg7 11. Nd5 Be6 12. e3 Ne7 13. Nxe7+ Qxe7 14. Ne1 c6 15. Nc2 f5 16. b4 Rab8 17. b5 f4 18. bxc6 f3 19. Bh1 bxc6 20. Rab1 d5 21. cxd5 cxd5 22. Qa5 e4 23. dxe4 dxe4 24. Qa4 Bf5 25. Nd4 Bxd4 26. Qxd4 Rbd8 27. Qa4 Rd2 28. h4 Rfd8 29. Rfc1 Qf6 30. Qxa7 Bh3 31. Rb8 Qd6 32. Rbc8 Rd1+ 33. Kh2 Rxc1 34. Rxc1 Qd2 35. Qc7 Rc8 36. Qxc8+ Bxc8 37. Rxc8+ Kf7 38. Rc7+ Ke6 39. Rc6+ Kd7 40. Rxg6 Qxf2+ 41. Kh3 Qf1+ 42. Kh2 f2 43. Rf6 Qg1+ 44. Kh3 Qxh1+ 45. Kg4 f1Q 46. Rxf1 Qxf1 47. Kh5 Qf3+ 48. g4 Qxe3 49. g5 hxg5 50. hxg5 Qf3+ 51. Kg6 e3 52. Kh7 e2 53. g6 e1Q 54. g7 Qe7 55. Kh8 Qff6 56. Kg8 Qfxg7# 0-1

[Event "Chess.com Bullet op2"]
[Site "Chess.com INT"]
[Date "2020.12.19"]
[Round "1"]
[White "Young, Gregory G"]
[Black "Salinas Herrera, Pablo Patricio"]
[Result "1-0"]
[WhiteElo "2386"]
[BlackElo "2514"]
[PlyCount "109"]
[EventDate "2020.12.19"]
[EventType "swiss (blitz)"]
[EventRounds "21"]
[EventCountry "USA"]
[SourceTitle "EXT 2022"]
[Source "ChessBase"]
[SourceDate "2021.10.06"]
[SourceVersion "1"]
[SourceVersionDate "2021.10.06"]
[SourceQuality "1"]

1. Nf3 d5 2. g3 c6 3. Bg2 Nf6 4. 0-0 Bg4 5. d4 Nbd7 6. c4 e6 7. cxd5 exd5 8. Nc3 Be7 9. Bf4 0-0 10. Ne5 Nxe5 11. Bxe5 Nd7 12. Bf4 Re8 13. Qc2 Qb6 14. Rad1 Nf8 15. h3 Bh5 16. g4 Bg6 17. Qc1 Ne6 18. Be3 Rad8 19. Na4 Qa5 20. b3 h6 21. Bd2 Qc7 22. e3 f5 23. Qc2 Rf8 24. Nc3 Ng5 25. f4 Ne4 26. Nxe4 fxe4 27. f5 Bf7 28. b4 Bg5 29. Rde1 Rc8 30. Bc1 Qg3 31. Qf2 Qxf2+ 32. Kxf2 Bh4+ 33. Ke2 Bxe1 34. Rxe1 g6 35. Rf1 gxf5 36. Rxf5 Be6 37. Rxf8+ Rxf8 38. Bd2 Kg7 39. Be1 Kg6 40. Bg3 h5 41. gxh5+ Kxh5 42. a4 Rg8 43. Kf2 Rf8+ 44. Bf4 a6 45. Kg3 Kg6 46. h4 Bf5 47. Bf1 Kf6 48. Be2 Rg8+ 49. Bg5+ Ke6 50. Kf4 Bg6 51. Bg4+ Kf7 52. Ke5 Rc8 53. Bxc8 b5 54. a5 Bh5 55. Bxa6 1-0

[Event "GRB-ch Universities"]
[Site "Birmingham"]
[Date "2016.02.20"]
[Round "1.2"]
[White "Thompson, Robert"]
[Black "Young, Gregory G"]
[Result "0-1"]
[WhiteElo "1985"]
[BlackElo "2386"]
[PlyCount "54"]
[EventDate "2016.02.20"]
[EventType "team-swiss"]
[EventRounds "5"]
[EventCountry "ENG"]
[SourceTitle "CBM 170 Extra"]
[Source "ChessBase"]
[SourceDate "2016.02.25"]
[SourceVersion "1"]
[SourceVersionDate "2016.02.25"]
[SourceQuality "1"]
[WhiteTeam "Exeter"]
[BlackTeam "Cambridge"]
[WhiteTeamCountry "ENG"]
[BlackTeamCountry "ENG"]

1. Nf3 f5 2. c4 Nf6 3. Nc3 d6 4. d4 g6 5. g3 Bg7 6. Bg2 0-0 7. b4 Nc6 8. b5 Na5 9. Qa4 c5 10. Bd2 a6 11. Rd1 cxd4 12. Nxd4 axb5 13. cxb5 e5 14. Nb3 Be6 15. Nd5 Nxb3 16. Qxb3 Kh8 17. Bg5 e4 18. 0-0 Qa5 19. Bxf6 Bxf6 20. Qb4 Qxb4 21. Nxb4 Be5 22. f4 Bc3 23. Rxd6 Bc4 24. Nd5 Bd4+ 25. Kh1 Rad8 26. Rxd8 Rxd8 27. Nb4 Bxe2 0-1

[Event "North American op 23rd"]
[Site "Las Vegas"]
[Date "2013.12.29"]
[Round "8"]
[White "Young, Gregory G"]
[Black "Yang, Darwin"]
[Result "0-1"]
[WhiteElo "2367"]
[BlackElo "2468"]
[PlyCount "102"]
[EventDate "2013.12.26"]
[EventType "swiss"]
[EventRounds "9"]
[EventCountry "USA"]
[SourceTitle "CBM 158 Extra"]
[Source "ChessBase"]
[SourceDate "2014.02.28"]
[SourceVersion "1"]
[SourceVersionDate "2014.02.28"]
[SourceQuality "1"]

1. e4 e5 2. Nf3 Nc6 3. Bc4 Bc5 4. Nc3 Nf6 5. d3 d6 6. Bg5 h6 7. Bxf6 Qxf6 8. Nd5 Qd8 9. c3 a6 10. 0-0 Ba7 11. b4 0-0 12. a3 Ne7 13. Ne3 c6 14. Bb3 Ng6 15. d4 Qf6 16. Re1 Re8 17. dxe5 dxe5 18. Ra2 Bb6 19. Rd2 Bc7 20. Nc4 Be6 21. Na5 b6 22. Bxe6 Qxe6 23. Nb3 Rad8 24. Qc2 Nf4 25. Re3 Rxd2 26. Nfxd2 Rd8 27. g3 Qg4 28. Kh1 Nh3 29. f3 Qg5 30. Nf1 Rd1 31. Qe2 Rxf1+ 32. Qxf1 Qxe3 33. Qxh3 Qxf3+ 34. Kg1 Qe3+ 35. Kf1 Qd3+ 36. Kg1 Qb1+ 37. Kf2 Qc2+ 38. Kg1 Bd6 39. Qd7 Bf8 40. Nd2 Qxc3 41. Kg2 Qxa3 42. Nf3 Qa2+ 43. Kg1 Qb1+ 44. Kg2 Qxe4 45. Qd2 Bxb4 46. Qd8+ Kh7 47. Qxb6 Qe2+ 48. Kg1 Qxf3 49. Qxb4 e4 50. Qb1 f5 51. Qe1 e3 0-1

[Event "Los Angeles Metropolitan 22nd"]
[Site "Los Angeles"]
[Date "2012.08.17"]
[Round "6"]
[White "Young, Gregory G"]
[Black "Molner, Mackenzie"]
[Result "1/2-1/2"]
[WhiteElo "2368"]
[BlackElo "2491"]
[PlyCount "79"]
[EventDate "2012.08.14"]
[EventType "swiss"]
[EventRounds "9"]
[EventCountry "USA"]
[SourceTitle "CBM 150 Extra"]
[Source "ChessBase"]
[SourceDate "2012.10.19"]
[SourceVersion "1"]
[SourceVersionDate "2012.10.19"]
[SourceQuality "1"]

1. e4 c5 2. Nf3 d6 3. d4 cxd4 4. Nxd4 Nf6 5. Nc3 a6 6. Bc4 e6 7. Bb3 Be7 8. f4 0-0 9. f5 e5 10. Nf3 Nbd7 11. Bg5 b5 12. Bxf6 Nxf6 13. Qe2 Bb7 14. 0-0-0 Rc8 15. Nd5 Bxd5 16. Bxd5 Rc5 17. Kb1 Qc7 18. Rd3 Rc8 19. c3 b4 20. Rc1 Nxd5 21. Rxd5 Rxd5 22. exd5 Qd7 23. Qe4 bxc3 24. Rxc3 Rxc3 25. bxc3 g6 26. g4 Qb5+ 27. Kc2 Bd8 28. Nd2 Bg5 29. Qc4 Bxd2 30. Qxb5 axb5 31. Kxd2 Kf8 32. c4 bxc4 33. fxg6 fxg6 34. Kc3 g5 35. Kxc4 Ke8 36. Kc3 Kd8 37. Kc4 Kc8 38. Kb5 Kb7 39. Ka5 Ka7 40. Kb5 1/2-1/2

[Event "Los Angeles Metropolitan 22nd"]
[Site "Los Angeles"]
[Date "2012.08.16"]
[Round "5"]
[White "Young, Gregory G"]
[Black "Wang, Kevin A"]
[Result "1-0"]
[WhiteElo "2368"]
[BlackElo "2216"]
[PlyCount "59"]
[EventDate "2012.08.14"]
[EventType "swiss"]
[EventRounds "9"]
[EventCountry "USA"]
[SourceTitle "CBM 150 Extra"]
[Source "ChessBase"]
[SourceDate "2012.10.19"]
[SourceVersion "1"]
[SourceVersionDate "2012.10.19"]
[SourceQuality "1"]

1. e4 c5 2. Nf3 e6 3. d4 cxd4 4. Nxd4 a6 5. Bd3 Bc5 6. Nb3 Ba7 7. Qe2 d6 8. Be3 Nc6 9. Nc3 Nge7 10. f4 0-0 11. 0-0 e5 12. f5 f6 13. Bc4+ Kh8 14. Bxa7 Rxa7 15. a4 Na5 16. Nxa5 Qxa5 17. Kh1 Qc5 18. Nd5 Nxd5 19. Bxd5 b6 20. Rf3 Qd4 21. c3 Qc5 22. Rd3 a5 23. Qh5 g5 24. fxg6 Rg7 25. Qh6 Qf2 26. Rf3 Qxb2 27. Raf1 Bg4 28. R3f2 Qxc3 29. h3 f5 30. exf5 1-0

[Event "Los Angeles Metropolitan 22nd"]
[Site "Los Angeles"]
[Date "2012.08.15"]
[Round "2"]
[White "Young, Gregory G"]
[Black "Moradiabadi, Elshan"]
[Result "0-1"]
[WhiteElo "2368"]
[BlackElo "2570"]
[PlyCount "72"]
[EventDate "2012.08.14"]
[EventType "swiss"]
[EventRounds "9"]
[EventCountry "USA"]
[SourceTitle "CBM 150 Extra"]
[Source "ChessBase"]
[SourceDate "2012.10.19"]
[SourceVersion "1"]
[SourceVersionDate "2012.10.19"]
[SourceQuality "1"]

1. e4 e5 2. Nf3 Nc6 3. Bc4 Bc5 4. d3 Nf6 5. c3 a6 6. Bb3 d6 7. h3 Ba7 8. Nbd2 h6 9. Nf1 Be6 10. Ng3 Qd7 11. Qe2 0-0-0 12. Bc2 d5 13. Bd2 g5 14. b3 g4 15. Nh4 gxh3 16. gxh3 Qe7 17. Ngf5 Qa3 18. 0-0 dxe4 19. dxe4 Nh5 20. Bc1 Nf4 21. Qf3 Qc5 22. Bxf4 exf4 23. b4 Nxb4 24. cxb4 Qxc2 25. Qxf4 Qd2 26. Qe5 Qg5+ 27. Kh1 Bd4 28. Qh2 Bxa1 29. Rxa1 Bxf5 30. Nxf5 Rhe8 31. Ng3 Qd2 32. a3 Qc3 33. Qg1 Rd2 34. Qe1 Rg8 35. Rc1 Qf3+ 36. Kg1 Rxg3+ 0-1

[Event "World op 39th"]
[Site "Philadelphia"]
[Date "2011.07.01"]
[Round "3"]
[White "Leve, Nitai D"]
[Black "Young, Gregory G"]
[Result "0-1"]
[WhiteElo "2131"]
[BlackElo "2327"]
[PlyCount "102"]
[EventDate "2011.06.30"]
[EventType "swiss"]
[EventRounds "9"]
[EventCountry "USA"]
[SourceTitle "CBM 143 Extra"]
[Source "ChessBase"]
[SourceDate "2011.08.29"]
[SourceVersion "1"]
[SourceVersionDate "2011.08.29"]
[SourceQuality "1"]

1. e4 c5 2. Nf3 Nc6 3. d4 cxd4 4. Nxd4 g6 5. Nc3 Bg7 6. Be3 Nf6 7. Be2 0-0 8. f4 d6 9. Nb3 Be6 10. g4 d5 11. e5 Ne4 12. Bd3 Nxc3 13. bxc3 Qc7 14. Bd4 f6 15. Nc5 Bc8 16. exf6 Bxf6 17. Bxf6 Rxf6 18. Qf3 Qxf4 19. Qxf4 Rxf4 20. h3 b6 21. Nb3 Bb7 22. 0-0-0 a6 23. Rhe1 e5 24. Bf1 Rd8 25. Bg2 e4 26. Nd4 Nxd4 27. Rxd4 Rc8 28. Kb2 Rf2 29. Bf1 Rcf8 30. Be2 b5 31. a4 Bc6 32. axb5 axb5 33. g5 Kf7 34. Rb4 Rb8 35. c4 dxc4 36. Bxc4+ Kg7 37. Be2 Rd8 38. Kc3 Rf5 39. h4 Rc5+ 40. Kb3 Bd5+ 41. c4 bxc4+ 42. Bxc4 Rxc4 43. Rxc4 Rc8 44. Rexe4 Rxc4 45. Rxc4 Kf7 46. Kc3 Bxc4 47. Kxc4 Ke6 48. Kd4 Kf5 49. Kd3 Kg4 50. Ke4 Kxh4 51. Kf4 Kh5 0-1

[Event "USA-ch U20"]
[Site "Saint Louis"]
[Date "2011.06.25"]
[Round "9"]
[White "Shen, Victor C"]
[Black "Young, Gregory G"]
[Result "1/2-1/2"]
[WhiteElo "2281"]
[BlackElo "2327"]
[PlyCount "109"]
[EventDate "2011.06.16"]
[EventType "tourn"]
[EventRounds "9"]
[EventCountry "USA"]
[EventCategory "3"]
[SourceTitle "CBM 143 Extra"]
[Source "ChessBase"]
[SourceDate "2011.08.29"]
[SourceVersion "1"]
[SourceVersionDate "2011.08.29"]
[SourceQuality "1"]

1. d4 Nf6 2. c4 g6 3. Nc3 d5 4. cxd5 Nxd5 5. e4 Nxc3 6. bxc3 Bg7 7. Bg5 c5 8. Rc1 0-0 9. Nf3 Bg4 10. d5 Qa5 11. Qd2 e6 12. Be2 Nd7 13. 0-0 Rfe8 14. h3 Bxf3 15. Bxf3 Ne5 16. Be2 exd5 17. exd5 f6 18. Be3 Rad8 19. Rb1 Qc7 20. c4 Nf7 21. Rb3 f5 22. Rfb1 b6 23. Bf1 Be5 24. Qc1 Rd6 25. a4 a5 26. Rb5 Qd8 27. g3 Rf6 28. Bg2 Bc7 29. d6 Nxd6 30. Bd5+ Kg7 31. R5b3 Nf7 32. f4 Nd6 33. Bd2 Ne4 34. Be1 h5 35. Re3 Kh7 36. h4 Rd6 37. Bc3 Nxc3 38. Qxc3 Re7 39. Rbe1 Rxe3 40. Rxe3 Rd7 41. Qe1 Bd6 42. Re8 Qf6 43. Re6 Qg7 44. Qb1 Bc7 45. Kg2 Re7 46. Qe1 Rxe6 47. Qxe6 Bd8 48. Kh3 Bc7 49. Qe8 Bd6 50. Bf7 Bxf4 51. gxf4 Qc3+ 52. Kg2 Qd2+ 53. Kf3 Qd3+ 54. Qe3 Qxe3+ 55. Kxe3 1/2-1/2

[Event "USA-ch U20"]
[Site "Saint Louis"]
[Date "2011.06.17"]
[Round "2"]
[White "Young, Gregory G"]
[Black "Bryant, John Daniel"]
[Result "1-0"]
[WhiteElo "2327"]
[BlackElo "2413"]
[PlyCount "75"]
[EventDate "2011.06.16"]
[EventType "tourn"]
[EventRounds "9"]
[EventCountry "USA"]
[EventCategory "3"]
[SourceTitle "CBM 143 Extra"]
[Source "ChessBase"]
[SourceDate "2011.08.29"]
[SourceVersion "1"]
[SourceVersionDate "2011.08.29"]
[SourceQuality "1"]

1. e4 c5 2. Nf3 d6 3. d4 Nf6 4. Nc3 cxd4 5. Nxd4 a6 6. Bc4 e6 7. Bb3 b5 8. 0-0 Be7 9. Qf3 Qc7 10. Qg3 0-0 11. Bh6 Ne8 12. Rad1 Bd7 13. Nf3 a5 14. a4 b4 15. Ne2 Na6 16. e5 d5 17. Rd4 Kh8 18. Bg5 f6 19. Bf4 Qb7 20. Be3 fxe5 21. Nxe5 Bf6 22. Rfd1 Rc8 23. Bg5 Nc5 24. Rh4 Bxe5 25. Qxe5 Rf5 26. Qe3 Nxb3 27. cxb3 e5 28. Ng3 d4 29. Qd3 Nd6 30. Be7 e4 31. Qxd4 e3 32. fxe3 Rc2 33. e4 Rff2 34. Bxd6 Rxg2+ 35. Kh1 Bg4 36. Rf1 h5 37. Nxh5 Kg8 38. Rf8+ 1-0

[Event "USA-ch U20"]
[Site "Saint Louis"]
[Date "2011.06.16"]
[Round "1"]
[White "Young, Gregory G"]
[Black "Sturt, Raven M"]
[Result "1-0"]
[WhiteElo "2327"]
[BlackElo "2294"]
[PlyCount "63"]
[EventDate "2011.06.16"]
[EventType "tourn"]
[EventRounds "9"]
[EventCountry "USA"]
[EventCategory "3"]
[SourceTitle "CBM 143 Extra"]
[Source "ChessBase"]
[SourceDate "2011.08.29"]
[SourceVersion "1"]
[SourceVersionDate "2011.08.29"]
[SourceQuality "1"]

1. e4 e5 2. Nf3 Nc6 3. Bc4 Bc5 4. Nc3 Nf6 5. d3 d6 6. Bg5 h6 7. Bxf6 Qxf6 8. Nd5 Qd8 9. c3 Ne7 10. Ne3 0-0 11. 0-0 c6 12. d4 exd4 13. Nxd4 a5 14. a4 Kh8 15. Qd3 Ng6 16. Bb3 Qf6 17. Kh1 Nf4 18. Qd2 Ne6 19. Rad1 Bxd4 20. cxd4 c5 21. Nc2 Ng5 22. f3 Qg6 23. Ne3 Be6 24. Bc2 Nh7 25. e5 Qh5 26. g4 Qh3 27. d5 Bd7 28. Qd3 g6 29. e6 Be8 30. Qc3+ f6 31. Ng2 Qxg2+ 32. Kxg2 1-0

[Event "North American op 20th"]
[Site "Las Vegas"]
[Date "2010.12.28"]
[Round "5"]
[White "Amanov, Mesgen"]
[Black "Young, Gregory G"]
[Result "1/2-1/2"]
[WhiteElo "2506"]
[BlackElo "2296"]
[PlyCount "41"]
[EventDate "2010.12.26"]
[EventType "swiss"]
[EventRounds "7"]
[EventCountry "USA"]
[SourceTitle "CBM 140 Extra"]
[Source "ChessBase"]
[SourceDate "2011.03.01"]
[SourceVersion "1"]
[SourceVersionDate "2011.03.01"]
[SourceQuality "1"]

1. d4 Nf6 2. c4 g6 3. g3 Bg7 4. Bg2 d5 5. cxd5 Nxd5 6. Nf3 0-0 7. 0-0 Nb6 8. Nc3 Nc6 9. e3 Re8 10. Re1 a5 11. Qe2 Be6 12. Rd1 Bc4 13. Qc2 Nb4 14. Qb1 e5 15. a3 exd4 16. axb4 dxc3 17. Rxd8 Raxd8 18. bxc3 Rd1+ 19. Bf1 Bxf1 20. Qc2 Be2+ 21. Kg2 1/2-1/2

[Event "USA tt"]
[Site "ICC INT"]
[Date "2009.10.19"]
[Round "8"]
[White "Katz, Benjamin"]
[Black "Young, Gregory G"]
[Result "0-1"]
[WhiteElo "2128"]
[BlackElo "2264"]
[PlyCount "116"]
[EventDate "2009.08.31"]
[EventType "team (rapid)"]
[EventRounds "10"]
[EventCountry "USA"]
[SourceTitle "CBM 132 Extra"]
[Source "ChessBase"]
[SourceDate "2009.11.03"]
[SourceVersion "1"]
[SourceVersionDate "2009.11.03"]
[SourceQuality "1"]

1. e4 c5 2. Nf3 Nc6 3. d4 cxd4 4. Nxd4 g6 5. c4 Bg7 6. Nc2 Nf6 7. Nc3 d6 8. Be2 0-0 9. 0-0 Nd7 10. Bd2 a5 11. Qc1 Nc5 12. Bh6 Bxc3 13. Bxf8 Qxf8 14. bxc3 Nxe4 15. Qe3 Nc5 16. Nd4 Bd7 17. Rfe1 Rc8 18. Bf1 Be6 19. Rab1 Rc7 20. Rb5 Qd8 21. f4 a4 22. f5 Bd7 23. fxg6 hxg6 24. Rb2 Ne5 25. h3 Qf8 26. Rf2 Qg7 27. Nf3 Nxf3+ 28. Rxf3 Bc6 29. Rf2 Ne4 30. Rc2 Qe5 31. Qd4 Qc5 32. Kh2 f5 33. g4 e5 34. Qxc5 Nxc5 35. Rd1 Rd7 36. Bg2 e4 37. gxf5 gxf5 38. Rcd2 f4 39. Rxd6 Rxd6 40. Rxd6 f3 41. Bf1 e3 42. Rd8+ Kf7 43. Kg3 e2 44. Bxe2 fxe2 45. Kf2 Bf3 46. Rd4 Ne6 47. Rh4 Kg6 48. Rh8 Nf4 49. Rg8+ Kf7 50. Rd8 Ng2 51. Kxf3 e1Q 52. Kxg2 Qe2+ 53. Kg3 Qxa2 54. Rd7+ Ke6 55. Rxb7 a3 56. c5 Qc4 57. Ra7 a2 58. Ra3 a1Q 0-1

[Event "San Francisco Alan Benson"]
[Site "San Francisco"]
[Date "2008.08.19"]
[Round "9"]
[White "Young, Gregory G"]
[Black "Ganbold, Odondoo"]
[Result "1/2-1/2"]
[WhiteElo "2233"]
[BlackElo "2380"]
[PlyCount "87"]
[EventDate "2008.08.11"]
[EventType "tourn"]
[EventRounds "9"]
[EventCountry "USA"]
[EventCategory "3"]
[SourceTitle "CBM 126 Extra"]
[Source "ChessBase"]
[SourceDate "2008.11.05"]
[SourceVersion "1"]
[SourceVersionDate "2008.11.05"]
[SourceQuality "1"]

1. e4 e5 2. Nf3 Nc6 3. Bc4 g6 4. d3 Bg7 5. Ng5 Nh6 6. a4 f6 7. Nf3 Nf7 8. Nc3 0-0 9. 0-0 d6 10. h3 Kh8 11. Bd2 f5 12. Nd5 f4 13. c3 Ne7 14. Qb3 Nxd5 15. Bxd5 Ng5 16. Nxg5 Qxg5 17. Be6 Bxe6 18. Qxe6 Rae8 19. Qd5 b6 20. Qb7 Qe7 21. Qxa7 h5 22. b4 g5 23. f3 g4 24. hxg4 hxg4 25. Kf2 Rf6 26. Rh1+ Bh6 27. a5 bxa5 28. bxa5 Rg6 29. a6 Reg8 30. Rag1 Kh7 31. Ke2 gxf3+ 32. gxf3 Rg2+ 33. Ke1 Qh4+ 34. Kd1 Qg3 35. Rf1 Rg7 36. Be1 Qg6 37. Rf2 c5 38. Qb6 Rxf2 39. Bxf2 Qg2 40. Rxh6+ Kxh6 41. Qxd6+ Rg6 42. Qf8+ Kh7 43. Qf7+ Kh6 44. Qf8+ 1/2-1/2

[Event "San Francisco Alan Benson"]
[Site "San Francisco"]
[Date "2008.08.15"]
[Round "5"]
[White "Evans, Bela"]
[Black "Young, Gregory G"]
[Result "1/2-1/2"]
[WhiteElo "2279"]
[BlackElo "2233"]
[PlyCount "79"]
[EventDate "2008.08.11"]
[EventType "tourn"]
[EventRounds "9"]
[EventCountry "USA"]
[EventCategory "3"]
[SourceTitle "CBM 126 Extra"]
[Source "ChessBase"]
[SourceDate "2008.11.05"]
[SourceVersion "1"]
[SourceVersionDate "2008.11.05"]
[SourceQuality "1"]

1. d4 f5 2. c4 Nf6 3. Nc3 d6 4. Bg5 Nbd7 5. Qc2 g6 6. f3 Bg7 7. e3 0-0 8. 0-0-0 c6 9. Nh3 Qe8 10. Bd3 e5 11. Rhe1 a6 12. Kb1 b5 13. d5 bxc4 14. Bxc4 c5 15. e4 Nb6 16. Be2 f4 17. Nf2 Bd7 18. Ka1 Qf7 19. Rd2 Rfc8 20. Rc1 Ne8 21. Nfd1 Nc7 22. a4 Rcb8 23. b3 Qe8 24. Nb2 Rb7 25. Bh4 Qb8 26. Bf2 Rba7 27. Ka2 Nb5 28. Nb1 Rb7 29. Na3 Nxa3 30. Kxa3 Bf6 31. Rdd1 Qf8 32. Be1 Qh6 33. h3 Bh4 34. Ba5 Qf8 35. Bd3 Bd8 36. Bc3 Nc8 37. Rb1 Bc7 38. Qe2 Rba7 39. Bc4 Kg7 40. Rg1 1/2-1/2

[Event "San Francisco Alan Benson"]
[Site "San Francisco"]
[Date "2008.08.12"]
[Round "2"]
[White "Young, Gregory G"]
[Black "Lobo, Richard"]
[Result "1-0"]
[WhiteElo "2233"]
[BlackElo "2261"]
[PlyCount "79"]
[EventDate "2008.08.11"]
[EventType "tourn"]
[EventRounds "9"]
[EventCountry "USA"]
[EventCategory "3"]
[SourceTitle "CBM 126 Extra"]
[Source "ChessBase"]
[SourceDate "2008.11.05"]
[SourceVersion "1"]
[SourceVersionDate "2008.11.05"]
[SourceQuality "1"]

1. e4 e5 2. Nf3 Nc6 3. Bc4 Bc5 4. Nc3 Nf6 5. d3 a6 6. Be3 d6 7. Bxc5 dxc5 8. h3 Be6 9. Bxe6 fxe6 10. 0-0 0-0 11. a4 Qe8 12. Nd2 Qg6 13. Nc4 Ne8 14. a5 Nd6 15. b3 Qf6 16. Qd2 Qe7 17. Na4 Nxc4 18. bxc4 Qd6 19. Rfb1 Rfb8 20. Rb2 Ne7 21. Qe3 b6 22. Rab1 Qc6 23. Nxc5 Rc8 24. axb6 cxb6 25. Nb3 Rf8 26. Nd2 Nc8 27. Nf3 Qd6 28. Qg5 Rxf3 29. gxf3 a5 30. Rb5 a4 31. Qxe5 Qd7 32. Ra1 Ra6 33. Rb4 Ne7 34. Qb5 Qc8 35. Raxa4 Rxa4 36. Rxa4 Ng6 37. Ra7 Qf8 38. Qc6 Qf6 39. Qe8+ Nf8 40. Qe7 1-0

[Event "Stamer Memorial"]
[Site "San Francisco"]
[Date "2006.06.03"]
[Round "1"]
[White "Young, Gregory G"]
[Black "Lupton, Stephen"]
[Result "1-0"]
[WhiteElo "1870"]
[BlackElo "1356"]
[PlyCount "75"]
[EventDate "2006.06.03"]
[EventType "swiss"]
[EventRounds "6"]
[EventCountry "USA"]
[SourceTitle "EXT 2024"]
[Source "ChessBase"]
[SourceDate "2023.10.10"]
[SourceVersion "1"]
[SourceVersionDate "2023.10.10"]
[SourceQuality "1"]

1. e4 e5 2. Nf3 Nc6 3. Bc4 Nf6 4. Ng5 Be7 5. Nxf7 0-0 6. Nxd8+ Kh8 7. Nf7+ Kg8 8. Nxe5+ Kh8 9. Nxc6 bxc6 10. Nc3 d6 11. d4 Bd7 12. 0-0 Rae8 13. e5 Ng8 14. e6 Bc8 15. d5 c5 16. Nb5 Nf6 17. Nxc7 Rd8 18. Nb5 Ba6 19. b3 Rb8 20. Nxa7 Bxc4 21. bxc4 Rb7 22. Nc6 Kg8 23. Nxe7+ Rxe7 24. Bg5 Rb7 25. Bxf6 Rxf6 26. Re1 Re7 27. a4 Rf4 28. Qb1 Re8 29. Qb5 Kf8 30. a5 g5 31. a6 Kg7 32. Qxe8 Rf8 33. Qe7+ Kh6 34. Qxf8+ Kh5 35. Re4 g4 36. e7 h6 37. Qf6 g3 38. e8B# 1-0